000
00372nam a2200145Ia 4500
008
231129s2003||||xx |||||||||||||| ||spa||
020
_a
958-97146-3-3
040
_b
spa
082
_a
M863 V759LL
100
_a
Villoro Juan
245
0
_a
Llamadas de Amsterdam
260
_c
2003
264
_a
Ediciones Brevedad
942
_2
ddc
_c
BKS
999
_c
19353
_d
19353